Ortsteile der Gemeinde Meinersen mit Karte - Statistiken

Allgemein
  • Dieses Quiz wurde 13 mal gespielt
  • Das Durchschnittsergebnis liegt bei 7 aus 11
Antworten auf der Karte
Die Antworten werden auf der Karte rot bzw. grün angezeigt, abhängig davon wie oft sie richtig erraten wurden.
 
Antwortstatistiken
Ortsteil % Korrekt
Meinersen
100%
Ahnsen
67%
Böckelse
67%
Höfen
67%
Ohof
67%
Päse
67%
Seershausen
67%
Gut Hardesse
50%
Siedersdamm
50%
Warmse
50%
Hünenberg
17%
Keine übereinstimmenden Quizze gefunden
Verteilung der Resultate
Anzahl Personen mit jedem Resultat
Perzentil nach korrekt beantworteten Fragen
Ihre Resultats-Entwicklung
Sie haben dieses Quiz noch nicht gespielt